Estatísticas para Programas jornalísticos, esportivos e de entretenimento exibidos pela Band

Clique aqui para jogar o quiz

Estatísticas Gerais

  • Esse quiz foi jogado 15 vezes
    (9 desde o último reset)
  • A pontuação média é 11 de 17

Estatísticas das Respostas

GêneroApresentaçãoPrograma% Correto
JornalismoRicardo Boechat e Paloma TocciJornal da Band
100%
EsportesMilton NevesTerceiro Tempo
100%
JornalismoJosé Luiz DatenaBrasil Urgente
83%
EsportesRenata FanJogo Aberto
83%
Reality ShowAna Paula PadrãoMasterChef
83%
VariedadesAmaury Jr.Amaury Jr.
67%
EsportesLarissa ErthalBand Esporte Clube
67%
JornalismoFernando Mitre, Fábio Pannunzio e Ricardo BoechatCanal Livre
67%
EsportesNetoOs Donos da Bola
67%
Reality ShowÉrick JacquinPesadelo na Cozinha
67%
JornalismoLuiz Megale e Júlia DuailibiCafé com Jornal
50%
VariedadesDaniel BorkDia Dia
50%
Reality ShowLuís Ernesto LacombeExathlon Brasil
50%
EsportesMilton NevesGol: O Grande Momento do Futebol
50%
JornalismoFábio PannunzioJornal da Noite
50%
Reality ShowLuigi BaricelliÀ Primeira Vista
33%
VariedadesSônia RacyShow Business
33%

Distribuição das Pontuações

Percentil de Números Respondidos

Porcentagem de Pessoas com Cada Pontuação

Sua Pontuação Histórica

Você não jogou esse quiz desde o último reset